000
00257nam a22001217a 4500
008
170614b xxu||||| |||| 00| 0 eng d
041
_a
eng
080
_a
94
100
_a
19
101
_a
SHP
245
_a
WESTERN CIVILZATION
_c
WEB.CH.R
942
_2
udc
_c
BK
999
_c
17367
_d
17367